COLLINS DICTIONARY OF THE ENGLISH LANGUAGE (Record no. 581983)

000 -LEADER
fixed length control field 00311nam a22001217a 4500
020 ## - INTERNATIONAL STANDARD BOOK NUMBER
International Standard Book Number 0-00-433078-1
082 ## - DEWEY DECIMAL CLASSIFICATION NUMBER
Classification number 423 COL'H
100 ## - MAIN ENTRY--PERSONAL NAME
Personal name URDARG, L,HAMLES, R,HILLONG, T
9 (RLIN) 76636
245 ## - TITLE STATEMENT
Title COLLINS DICTIONARY OF THE ENGLISH LANGUAGE
260 ## - PUBLICATION, DISTRIBUTION, ETC.
Place of publication, distribution, etc. COLLINS
Name of publisher, distributor, etc. COLLINS
Date of publication, distribution, etc. 1979
300 ## - PHYSICAL DESCRIPTION
Extent XXXV,1690P
942 ## - ADDED ENTRY ELEMENTS (KOHA)
Koha item type Book
Holdings
Withdrawn status Lost status Source of classification or shelving scheme Damaged status Not for loan Permanent Location Current Location Shelving location Date acquired Shelving control number Full call number Barcode Date last seen Price effective from Koha item type Public note
          College of Electrical & Mechanical Engineering (CEME) College of Electrical & Mechanical Engineering (CEME) Reference 06/01/2017 Book Cart 423 COL'H CEME-10995 06/28/2021 06/28/2021 Book 1.8
© 2023 Central Library, National University of Sciences and Technology. All Rights Reserved.